000 01010nam a22002297a 4500
003 BUBTL
008 240206b ||||| |||| 00| 0 eng d
020 _a9845120067
041 _aben
082 _a954.92/ Is41b/ 2000
245 _aবাংলাদেশের ইতিহাস ১৭০৪-১৯৭১ তৃতীয় খন্ড সামাজিক ও সাংস্কৃতিক ইতিহাস /
_cসিরাজুল ইসলাম
250 _a2nd ed.
260 _aঢাকা:
_bবাংলাদেশ এশিয়াটিক সোসাইটি,
_cc2000
300 _a788 p. :
_c24 cm.
500 _aIncludes Index
505 _aবাংলাদেশের ইতিহাস, সামাজিক ও সাংস্কৃতিক ইতিহাস
650 0 _91755
_aমুক্তিযুদ্ধ
700 _95554
_aইসলাম, সিরাজুল
856 _k0
_l0
_yDownload
942 _2ddc
_cBK
999 _c7204
_d7204